| 000 | 00000nas##2200000za#4500 |
| 001 | 9.505433 |
| 003 | CaOODSP |
| 005 | 20200325085039 |
| 007 | cr ||||||||||| |
| 008 | 150406c2008||||xxc|| p o||||f| |0eng|d |
| 040 | |aCaOODSP|beng |
| 043 | |an-cn--- |
| 086 | 1 |aNH2-9E-PDF |
| 110 | 1 |aCanada. |bCanada Mortgage and Housing Corporation. |bMarket Analysis Centre. |
| 245 | 10|aRetirement home market study - Trois-Rivières |h[electronic resource] |
| 260 | |aOttawa - Ontario : |bCanada Mortgage and Housing Corporation. |
| 310 | |aAnnual |
| 362 | 1 |a[2007] -- |
| 775 | 08|tLes résidences pour personnes âgées - Trois-Rivières |w(CaOODSP)9.501831 |